[Rezension von: Halsey, Mark, Generations through prison]
| Main Author: | |
|---|---|
| Contributors: | ; |
| Format: | Electronic Review |
| Language: | English |
| Published: |
2021
|
| In: |
Criminology & criminal justice
Year: 2021, Volume: 21, Issue: 5, Pages: 727-729 |
| Online Access: |
Presumably Free Access Volltext (lizenzpflichtig) |
| Check availability: | HBZ Gateway |
| Keywords: |
MARC
| LEADER | 00000caa a2200000 c 4500 | ||
|---|---|---|---|
| 001 | 1772238341 | ||
| 003 | DE-627 | ||
| 005 | 20211014093910.0 | ||
| 007 | cr uuu---uuuuu | ||
| 008 | 211004s2021 xx |||||oo 00| ||eng c | ||
| 024 | 7 | |a 10.1177/1748895820972494 |2 doi | |
| 035 | |a (DE-627)1772238341 | ||
| 035 | |a (DE-599)KXP1772238341 | ||
| 040 | |a DE-627 |b ger |c DE-627 |e rda | ||
| 041 | |a eng | ||
| 084 | |a 2,1 |2 ssgn | ||
| 100 | 1 | |a Arnez, Jasmina |e VerfasserIn |4 aut | |
| 245 | 1 | 0 | |a [Rezension von: Halsey, Mark, Generations through prison] |c reviewed by: Jasmina Arnez, University of Oxford, UK |
| 264 | 1 | |c 2021 | |
| 336 | |a Text |b txt |2 rdacontent | ||
| 337 | |a Computermedien |b c |2 rdamedia | ||
| 338 | |a Online-Ressource |b cr |2 rdacarrier | ||
| 500 | |a Literaturverzeichnis: Seite 729 | ||
| 655 | 7 | |a Rezension |0 (DE-588)4049712-4 |0 (DE-627)106186019 |0 (DE-576)209083166 |2 gnd-content | |
| 700 | 1 | |a Halsey, Mark |e VerfasserIn des Bezugswerks |0 (DE-588)1068847034 |0 (DE-627)820822981 |0 (DE-576)253156475 |4 ant | |
| 700 | 1 | |a De Vel-Palumbo, Melissa |e VerfasserIn des Bezugswerks |0 (DE-588)1214014925 |0 (DE-627)1725105357 |4 ant | |
| 773 | 0 | 8 | |i Enthalten in |t Criminology & criminal justice |d London [u.a.] : Sage, 2006 |g 21(2021), 5, Seite 727-729 |h Online-Ressource |w (DE-627)337806837 |w (DE-600)2063005-0 |w (DE-576)096290994 |x 1748-8966 |7 nnas |
| 773 | 1 | 8 | |g volume:21 |g year:2021 |g number:5 |g pages:727-729 |
| 787 | 0 | 8 | |i Rezension von |a Halsey, Mark |t Generations through prison |d London : Routledge, 2020 |h vii, 168 Seiten |w (DE-627)1683583159 |z 9780815375166 |
| 856 | |u https://eprints.keele.ac.uk/10281/1/Arnez_2020_book_review_reviewed_by_jasmina_arnez_university.pdf |x unpaywall |z Vermutlich kostenfreier Zugang |h repository [deprecated] | ||
| 856 | 4 | 0 | |u https://doi.org/10.1177/1748895820972494 |x Resolving-System |z lizenzpflichtig |3 Volltext |7 1 |
| 935 | |a mkri | ||
| 951 | |a AR | ||
| ELC | |a 1 | ||
| LOK | |0 000 xxxxxcx a22 zn 4500 | ||
| LOK | |0 001 398323335X | ||
| LOK | |0 003 DE-627 | ||
| LOK | |0 004 1772238341 | ||
| LOK | |0 005 20211004061633 | ||
| LOK | |0 008 211004||||||||||||||||ger||||||| | ||
| LOK | |0 035 |a (DE-2619)KrimDok#2021-10-03#C67F8F4BC972764A6E89900A441152E0F9217F2D | ||
| LOK | |0 040 |a DE-2619 |c DE-627 |d DE-2619 | ||
| LOK | |0 092 |o n | ||
| LOK | |0 852 |a DE-2619 | ||
| LOK | |0 852 1 |9 00 | ||
| LOK | |0 935 |a zota | ||
| LOK | |0 939 |a 04-10-21 |b l01 | ||
| OAS | |a 1 | ||
| ORI | |a SA-MARC-krimdoka001.raw | ||
